00302 a2200133 450000100060000002000240000604000260003010000190005624000260007524500240010130000100012536200090013565000240014448320 a8508046022 (broch.) cAnchieta - Bela Vista aFrança, Mary10aNem aqui, nem ali! l10aNem aqui, nem ali!  a12 p.0 a1994 4aLiteratura infantil